Landlocked U.S. States Quiz - Statistics

General Stats
  • This quiz has been taken 101 times
  • The average score is 23 of 27
Answer Stats
Region State % Correct
South West Colorado
94%
Mid-West Kansas
94%
Mid-West Ohio
92%
Mid-West South Dakota
91%
Mid-West Indiana
90%
Mid-West North Dakota
90%
South West Oklahoma
90%
South East Tennessee
90%
South East Arkansas
88%
Mid-West Kentucky
88%
North West Montana
88%
South West New Mexico
88%
South West Utah
88%
North West Wyoming
88%
West Arizona
87%
North West Idaho
87%
Mid-West Illinois
87%
Mid-West Missouri
87%
West Nevada
86%
Mid-West Iowa
84%
Mid-West Nebraska
83%
Mid-West Michigan
82%
Mid-West Minnesota
81%
Mid-West Wisconsin
77%
Atlantic West Virginia
75%
North East Vermont
73%
Atlantic Pennsylvania
68%
No matching quizzes found
Score Distribution
Percent of People with Each Score
Percentile by Number Answered
Your Score History
You have not taken this quiz